LEADER 00917cam0-2200313---450- 001 990004057360403321 005 20151203160328.0 035 $a000405736 035 $aFED01000405736 035 $a(Aleph)000405736FED01 035 $a000405736 100 $a19990604d1986----km-y0itay50------ba 101 0 $afre 102 $aFR 105 $a--------001yy 200 1 $aManuel de versification espagnole$fMethilde et Albert Bensoussan 210 $aRennes$cPresses Universitaires de Rennes 2$d[1986] 215 $a67 p.$d21 cm 610 0 $aLingua spagnola$aMetrica 676 $a861.009$v22$zita 700 1$aBensoussan,$bMathilde$0384921 702 1$aBensoussan,$bAlbert$f<1935- > 801 0$aIT$bUNINA$gRICA$2UNIMARC 901 $aBK 912 $a990004057360403321 952 $a861.009 BEN 1$bBibl.2194$fFLFBC 959 $aFLFBC 996 $aManuel de versification espagnole$9469534 997 $aUNINA LEADER 00905nam a2200265 i 4500 001 991002844189707536 005 20020509103919.0 008 970419s1991 it ||| | ita 020 $a8815029206 035 $ab11069909-39ule_inst 035 $aPARLA170231$9ExL 040 $aIstituto di Filosofia$bita 100 1 $aKaempfer, Wolfgang$0186011 245 10$aErnst Junger /$cWolfgang Kaempfer 260 $aBologna :$bIl Mulino,$c1991 300 $a243 p. ;$c21 cm. 490 0 $aUniversale paperbacks Il mulino ;$v249 500 $aTrad. di Mario Piccinini. 650 4$aJunger, Ernst 907 $a.b11069909$b23-02-17$c28-06-02 912 $a991002844189707536 945 $aLE005 Ist.Fil. XVII L 20$g1$i2005000265037$lle005$o-$pE0.00$q-$rl$s- $t0$u1$v0$w1$x0$y.i11198382$z28-06-02 996 $aErnst Jünger$988022 997 $aUNISALENTO 998 $ale005$b01-01-97$cm$da $e-$fita$git $h0$i1